LIBRARY & INFORMATION CENTRE, KCAET, TAVANUR

ONLINE PUBLIC ACCESS CATALOGUE (OPAC)

Recent advances in biomass gasification and combustion / (Record no. 7473)

MARC details
000 -LEADER
fixed length control field 00513cam a2200193ua 4500
020 ## - INTERNATIONAL STANDARD BOOK NUMBER
ISBN 81-7296-012-3
041 ## - LANGUAGE CODE
Language code of text/sound track or separate title eng
082 ## - DEWEY DECIMAL CLASSIFICATION NUMBER
Classification number 665.776
Item number PAU/RE
100 ## - MAIN ENTRY--AUTHOR NAME
Personal name Paul, P J .
245 ## - TITLE STATEMENT
Title Recent advances in biomass gasification and combustion /
250 ## - EDITION STATEMENT
Edition statement 1 /
260 ## - PUBLICATION, DISTRIBUTION, ETC. (IMPRINT)
Place of publication Bangalore :
Name of publisher Interline Publishers ,
Year of publication 1993.
300 ## - PHYSICAL DESCRIPTION
Number of Pages 335 ; .
700 1# - ADDED ENTRY--PERSONAL NAME
Personal name Mukunda, H S .
942 ## - ADDED ENTRY ELEMENTS (KOHA)
Koha item type Books
Holdings
Withdrawn status Lost status Damaged status Home library Current library Date acquired Full call number Accession Number Koha item type
      KAUAET KAUAET 07/04/2012 665.776 17986 Books
free website counter